Statistics for Largest UK Lakes

Click here to take the quiz!

General Stats

  • This quiz has been taken 72 times
  • The average score is 9 of 36

Answer Stats

Area(km²)Lake% Correct
5.69Windermere
90%
56Loch Ness
86%
71Loch Lomond
73%
396Lough Neagh
61%
4.19Rutland Water
41%
3.44Ullswater
39%
26.4Loch Tay
35%
2.06Derwent Water
33%
16Loch Lochy
29%
39Loch Awe
27%
27Loch Morar
27%
3.86Kielder Water
25%
22.5Loch Shin
22%
109Lower Lough Erne
22%
34Upper Lough Erne
22%
28.6Loch Maree
20%
19Loch Rannoch
20%
2.06Bassenthwaite Lake
18%
4.5Lake Vyrnwy
18%
18.6Loch Ericht
18%
19.5Loch Shiel
18%
12.4Loch Katrine
16%
2.42Grafham Water
12%
3.62Llyn Brenig
10%
16Loch Arkaig
10%
2.65Claerwen Reservoir
8%
3.08Llyn Alaw
8%
4.8Llyn Trawsfynydd
8%
4.7Lough Beg
8%
4.6Lough MacNean
8%
2.12Nant y Moch Reservoir
8%
2.86Portmore Lough
8%
2.1Caban Coch Reservoir
6%
3.2Llyn Celyn
6%
2.43Llyn Clywedog
6%
4.84Llyn Tegin
6%

Score Distribution

Percentile by Number Answered

Percent of People with Each Score

Your Score History

You have not taken this quiz